Score 0/20 Timer 03:00
0 Plays Today
Title Missing Word % Correct
In Cold ___Blood
83.2%
The ___ StuffRight
82.7%
A ___ History of TimeBrief
72.8%
The ___ StormPerfect
72.6%
Bury My ___ at Wounded KneeHeart
65.4%
The Art of ___War
63.2%
Out of ___Africa
59%
Kon-___Tiki
52.9%
The Diary of a ___ GirlYoung
51.1%
The ___ Pillars of WisdomSeven
47.6%
Title Missing Word % Correct
The ___ MystiqueFeminine
46.1%
The Joy of ___Cooking
42%
The ___ of NationsWealth
35.5%
A ___ of One's OwnRoom
30.7%
Up from ___Slavery
22.6%
The ___ WarCivil
20.8%
Black ___Boy
15%
The Bright ___ LieShining
9.2%
___ ItRoughing
7.3%
___ at Tinker CreekPilgrim
5.9%

Today's Daily Dose

Remove Ads.
Support Sporcle.
Get the best of Sporcle when you Go Orange. This ad-free experience offers more features, more stats, and more fun while also helping to support Sporcle. Thank you for becoming a member.

You're not logged in!

Compare scores with friends on all Sporcle quizzes.
OR
Log In

Show Comments

Extras

Top Quizzes Today


Score Distribution

Your Account Isn't Verified!

In order to create a playlist on Sporcle, you need to verify the email address you used during registration. Go to your Sporcle Settings to finish the process.

Report this User

Report this user for behavior that violates our Community Guidelines.

Details: